Datum a čas kvízu
28.5
Celkem bodů
Celkový počet nahraných bodů na tomto kvízu bez doplňovacích otázek.
4.
Pořadí na kvízu
Konečné umístění týmu na tomto kvízu.
Zaznamenané odpovědi
| # | Otázka | Odpověď | Body | Výsledky |
|---|---|---|---|---|
| 1. | Česká policie představila v po... | Ferrari | 1 | |
| 2. | Američanka Wendy Watsonová byl... | o medvěda | 1 | |
| 3. | Minulý týden začalo natáčení n... | David Švehlík | 1 | |
| 4. | Minulý týden jsme s napětím sl... | Canadair | 0 | |
| 5. | Jak se jmenuje podceňovaný nor... | Viking FK (Viking Stavanger) | 1 | |
| 6. | Stejně jako přímou řeč začneme... | D | 1 | |
| 7. | Píšeme-li o cestovatelské dvoj... | A | 0 | |
| 8. | Pokud nám slova paklík a paklí... | C | 1 | |
| 9. | Které z těchto znamének stojí... | A | 1 | |
| 10. | Napojení dvou vedle sebe stojí... | ligatura | 0 |